00435 a2200169 4500001000700000020000600007040001100013100002000024240003100044245002600075362000900101440001200110697001500122942000700137952010200144999001900246170273 a  cMagnum aBrezina, Thomas10aA maldicao das bruxaslpor10aA maldicao das bruxas0 a1899 1aÁtica aJ/SUSPENSE cBK 00104070a32.5b32.5d2024-06-08l0oLI.09456pMAG00015000r2024-06-08 20:42:37w2024-06-08yBK c170273d170273